<?xml version="1.0" encoding="UTF-8"?>
<record
    xmlns:xsi="http://www.w3.org/2001/XMLSchema-instance"
    xsi:schemaLocation="http://www.loc.gov/MARC21/slim http://www.loc.gov/standards/marcxml/schema/MARC21slim.xsd"
    xmlns="http://www.loc.gov/MARC21/slim">

  <leader>01591cam a2200445 i 4500</leader>
  <controlfield tag="001">xx005917243</controlfield>
  <controlfield tag="003">NUKAT</controlfield>
  <controlfield tag="005">20260407215931.0</controlfield>
  <controlfield tag="008">260407s1914    xx a         |000 0 pol c</controlfield>
  <datafield tag="035" ind1=" " ind2=" ">
    <subfield code="a">(NUKAT)xx005917243</subfield>
  </datafield>
  <datafield tag="040" ind1=" " ind2=" ">
    <subfield code="a">OLSZT 008/AL</subfield>
    <subfield code="b">pol</subfield>
    <subfield code="e">rda</subfield>
    <subfield code="c">OLSZT 008/AL</subfield>
    <subfield code="d">OLSZT 008/AL</subfield>
  </datafield>
  <datafield tag="041" ind1="1" ind2=" ">
    <subfield code="a">pol</subfield>
    <subfield code="h">ger</subfield>
  </datafield>
  <datafield tag="046" ind1=" " ind2=" ">
    <subfield code="k">1914</subfield>
  </datafield>
  <datafield tag="245" ind1="0" ind2="0">
    <subfield code="a">Ma&#x142;y podr&#x119;cznik Arcybractwa Stra&#x17C;y Honorowej Najs&#x142;odszego Serca Pana Jezusa.</subfield>
  </datafield>
  <datafield tag="250" ind1=" " ind2=" ">
    <subfield code="a">Wydanie drugie.</subfield>
  </datafield>
  <datafield tag="260" ind1=" " ind2=" ">
    <subfield code="a">[Miejsce nieznane] :</subfield>
    <subfield code="b">[wydawca nieznany],</subfield>
    <subfield code="c">1914.</subfield>
  </datafield>
  <datafield tag="300" ind1=" " ind2=" ">
    <subfield code="a">90, [5] stron :</subfield>
    <subfield code="b">ilustracje ;</subfield>
    <subfield code="c">15 cm.</subfield>
  </datafield>
  <datafield tag="336" ind1=" " ind2=" ">
    <subfield code="a">Tekst</subfield>
    <subfield code="b">txt</subfield>
    <subfield code="2">rdacontent</subfield>
  </datafield>
  <datafield tag="337" ind1=" " ind2=" ">
    <subfield code="a">Bez urz&#x105;dzenia po&#x15B;rednicz&#x105;cego</subfield>
    <subfield code="b">n</subfield>
    <subfield code="2">rdamedia</subfield>
  </datafield>
  <datafield tag="338" ind1=" " ind2=" ">
    <subfield code="a">Wolumin</subfield>
    <subfield code="b">nc</subfield>
    <subfield code="2">rdacarrier</subfield>
  </datafield>
  <datafield tag="380" ind1=" " ind2=" ">
    <subfield code="a">Ksi&#x105;&#x17C;ki</subfield>
  </datafield>
  <datafield tag="380" ind1=" " ind2=" ">
    <subfield code="a">Publikacje religijne</subfield>
  </datafield>
  <datafield tag="388" ind1="1" ind2=" ">
    <subfield code="a">1901-2000</subfield>
  </datafield>
  <datafield tag="388" ind1="1" ind2=" ">
    <subfield code="a">1901-1914</subfield>
  </datafield>
  <datafield tag="500" ind1=" " ind2=" ">
    <subfield code="a">U g&#xF3;ry strony tytu&#x142;owej: Niech &#x17C;yje Jezus!</subfield>
  </datafield>
  <datafield tag="500" ind1=" " ind2=" ">
    <subfield code="a">Na stronie tytu&#x142;owej: Z aprobat&#x105; biskupi&#x105;.</subfield>
  </datafield>
  <datafield tag="500" ind1=" " ind2=" ">
    <subfield code="a">Rok wydania wed&#x142;ug imprimatur.</subfield>
  </datafield>
  <datafield tag="546" ind1=" " ind2=" ">
    <subfield code="a">Przek&#x142;ad z j&#x119;zyka niemieckiego.</subfield>
  </datafield>
  <datafield tag="600" ind1="0" ind2="7">
    <subfield code="a">Jezus Chrystus</subfield>
    <subfield code="2">DBN</subfield>
    <subfield code="9">36603</subfield>
  </datafield>
  <datafield tag="650" ind1=" " ind2="7">
    <subfield code="a">Bractwa religijne</subfield>
    <subfield code="2">DBN</subfield>
    <subfield code="9">39603</subfield>
  </datafield>
  <datafield tag="650" ind1=" " ind2="7">
    <subfield code="a">Duchowo&#x15B;&#x107; katolicka</subfield>
    <subfield code="2">DBN</subfield>
    <subfield code="9">37278</subfield>
  </datafield>
  <datafield tag="650" ind1=" " ind2="7">
    <subfield code="a">Katolicyzm</subfield>
    <subfield code="2">DBN</subfield>
    <subfield code="9">35191</subfield>
  </datafield>
  <datafield tag="650" ind1=" " ind2="7">
    <subfield code="a">Kult</subfield>
    <subfield code="2">DBN</subfield>
    <subfield code="9">39604</subfield>
  </datafield>
  <datafield tag="650" ind1=" " ind2="7">
    <subfield code="a">Serce Jezusa</subfield>
    <subfield code="2">DBN</subfield>
    <subfield code="9">39605</subfield>
  </datafield>
  <datafield tag="650" ind1=" " ind2="7">
    <subfield code="a">Naj&#x15B;wi&#x119;tsze Serce Jezusa</subfield>
    <subfield code="v">modlitewniki.</subfield>
    <subfield code="2">kaba</subfield>
    <subfield code="9">39606</subfield>
  </datafield>
  <datafield tag="655" ind1=" " ind2="7">
    <subfield code="a">Modlitewnik</subfield>
    <subfield code="2">DBN</subfield>
    <subfield code="9">36203</subfield>
  </datafield>
  <datafield tag="658" ind1=" " ind2=" ">
    <subfield code="a">Religia i duchowo&#x15B;&#x107;</subfield>
  </datafield>
  <datafield tag="710" ind1="2" ind2=" ">
    <subfield code="a">Arcybractwo Stra&#x17C;y Honorowej Naj&#x15B;wi&#x119;tszego Serca Pana Jezusa.</subfield>
    <subfield code="e">Instytucja sprawcza</subfield>
    <subfield code="9">39607</subfield>
  </datafield>
  <datafield tag="942" ind1=" " ind2=" ">
    <subfield code="2">ddc</subfield>
    <subfield code="c">BK_NM</subfield>
  </datafield>
  <datafield tag="999" ind1=" " ind2=" ">
    <subfield code="c">27464</subfield>
    <subfield code="d">27464</subfield>
  </datafield>
  <datafield tag="952" ind1=" " ind2=" ">
    <subfield code="0">0</subfield>
    <subfield code="1">0</subfield>
    <subfield code="2">ddc</subfield>
    <subfield code="4">0</subfield>
    <subfield code="7">0</subfield>
    <subfield code="8">PBKH</subfield>
    <subfield code="a">BIP</subfield>
    <subfield code="b">PBKH</subfield>
    <subfield code="d">2026-04-07</subfield>
    <subfield code="e">K-55/1970</subfield>
    <subfield code="f">K</subfield>
    <subfield code="i">14252</subfield>
    <subfield code="l">0</subfield>
    <subfield code="o">14252</subfield>
    <subfield code="p">IPWK22106</subfield>
    <subfield code="r">2026-04-07 22:00:20</subfield>
    <subfield code="w">2026-04-07</subfield>
    <subfield code="y">BK_NM</subfield>
  </datafield>
</record>
